000 00551nam a2200169 4500
005 20250113085717.0
008 160827b xxu||||| |||| 00| 0 eng d
022 _a2094-8042
082 _aDPer 370.105 M72 Jan-Dec 2012 v. 60-61
100 _913859
_aAlmario, Rosemarie A.
245 _aPagtatapos/
_cRosemarie A. Almario.
260 _aPhilippines
_bPublishers Association of the Philippines, Inc.,
_c2012.
300 _av60 n10, page 430;
_c28 cm.
500 _aThe Modern Teacher.
650 0 _919441
_aPhilippine
_vPoetry
942 _2ddc
_cPER
999 _c4211
_d4211